|
|
|
|
| LEADER |
00000nab#a22000007a#4500 |
| 001 |
arbauad017834 |
| 003 |
AR-BaUAD |
| 005 |
20250711111606.0 |
| 008 |
960313|||||||||###||||||b###|0###a|spa|| |
| 040 |
|
|
|a AR-BaUAD
|c AR-BaUAD
|b spa
|
| 245 |
1 |
0 |
|a L'orizzonte perduto delle città nuove
|b The Woodlands e Almere nella vastità megalopolitana
|
| 300 |
0 |
|
|b fot., planos
|
| 653 |
|
|
|a INGERSOLL, RICHARD
|
| 653 |
|
|
|a PLANIFICACION URBANA
|
| 653 |
|
|
|a ALMERE
|
| 653 |
|
|
|a THE WOODLANDS
|
| 653 |
|
|
|a ESTADOS UNIDOS
|
| 653 |
|
|
|a PAISES BAJOS
|
| 653 |
|
|
|a URBANISMO
|
| 773 |
0 |
|
|t Casabella
|g no. 614 [jul.-ago. 1994], p. 24-35
|
| 942 |
|
|
|c ARTI
|
| 952 |
|
|
|0 0
|1 0
|4 0
|7 0
|9 62754
|a AR-BAuAD
|b AR-BAuAD
|d 2025-07-11
|l 0
|p AAQA017834
|r 2025-07-11 11:16:06
|w 2025-07-11
|y ARTI
|
| 990 |
|
|
|a U199
|b TD
|
| 998 |
|
|
|a AAQ
|b BIBUN76
|
| 999 |
|
|
|c 42427
|d 42427
|